| 000 | 00699nam a2200253Ia 4500 | ||
|---|---|---|---|
| 003 | OSt | ||
| 005 | 20220928110656.0 | ||
| 006 | a|||||r|||| 00| 0 | ||
| 007 | ta | ||
| 008 | 220927b |||||||| |||| 00| 0 eng d | ||
| 024 | _a37353 | ||
| 037 | _cReference Collections | ||
| 040 |
_aSDCL _cSDCL _beng |
||
| 041 |
_2eng _aeng |
||
| 082 | _aBk, L6 RR | ||
| 100 |
_aJames Glenn _9420230 |
||
| 245 | 0 | _aMathematics dictionary. | |
| 250 | _a4 | ||
| 260 |
_aNew York _b Van Nostrand Reinhold _c1976 |
||
| 300 |
_a509p. _ccm. |
||
| 700 |
_a James Robert C _9420231 |
||
| 942 |
_hBk, L6 RR _cREF _2CC |
||
| 999 |
_c736435 _d736435 |
||